000 01709nam a22003137a 4500
001 BRCA_9231
003 FranzMayer
005 20220921134721.0
008 220913b |||||||| |||| 00| 0 eng d
020 _a9784022914729
040 _bspa
_cMFM
041 1 _aspa
_ajpn
050 _aNK9900.7.J
_bK39 2018
245 1 _aUna reconsideración sobre la laca de exportación "Maquie Roman" /
_cYayoi Kawamura y Teresa Canepa
260 _aTokio, Japón :
_bAsahi Shimbun,
_c2018
300 _a11 pp. :
_bil. fot. ;
_c21 x 29.5 cm.
310 _aMensual
440 _aKokka
_928557
_v1472
500 _aUbicación: Librero de engargolados - Nivel 2
500 _aEjemplares engargolados
500 _aRevista editada con formato de libro
500 _aArtículo de la revista Kokka, n° 1472, junio 2018, Tokio (Japón), pp. 38-45
520 _aDesde el inicio de este siglo, están avanzando los estudios sobre la laca japonesa de exportación del periodo Momoyama y del Edo inicial tanto dentro como fuera de Japón. Gracias a la publicación de numerosos datos, se considera que se está en condiciones de entender la realidad de la laca de exportación.Entre varios centenares de piezas localizadas de la laca de exportación de dicho periodo, se conoce la existencia de unas piezas, pocas, con inscripciones de dos tipos en alfabeto latino: por un lado la inscripción "Morocava Luis" o simplemente "Luis" y por otro lado, la frase "Maquie Roman". - Proporcionado por las autoras.
650 _aLacas
_xExportación
_zJapón
_928558
650 _aLacas
_xInscripciones
_xHistoria
_928559
700 _aKawamura, Yayoi
_etrad.
_928560
942 _2lcc
_cB
999 _c10850
_d10850